O mundo perdido (Registo nº 2158)

Detalhes MARC
000 -Etiqueta do registo
Cabeçalho 00906nam a22003131 4500
005 - Identificador da versão
Campo de controlo 20240813121926.0
095 ## -
-- PTBN00876875
010 ## - Número internacional normalizado dos livros (ISBN)
Número (ISBN) 9722013955
021 ## - Número do Depósito Legal
Código do país PT
Número 111190/97
100 ## - Dados gerais de processamento
Dados gerais de processamento 19980716d1997 m y0pory5003 ba
102 ## - Pais de publicação ou produção
País de publicação Portugal
101 1# - Língua de publicação
Língua do texto, banda sonora, etc. Português
Língua do documento no original Inglês
106 ## - Campo de dados codificados: material textual
Dados codificados do material textual r
105 ## - Campo de dados codificados: livros
Dados codificados dos livros a z 000ay
215 ## - Descrição física 
Indicação específica da natureza do documento e extensão da espécie 254, [1] p.
Outras indicações físicas il.
Dimensões 21 cm
200 1# - Titulo e menção de responsabilidade
Título próprio O mundo perdido
Primeira menção de responsabilidade Arthur Conan Doyle
Outras menções de responsabilidade trad. Eduardo Saló
225 2# - Colecção 
Título próprio da colecção Biblioteca juvenil Dom Quixote
Indicação de volume 14
205 ## - Menção da edição
Menção da edição 1ª ed
210 ## - Publicação, Distribuição, etc. 
Lugar da edição, distribuição, etc. Lisboa
Nome do editor, distribuidor, etc. Dom Quixote
Data da publicação, distribuição, etc. 1997
304 ## - Notas relativas a título e menção de responsabilidade 
Texto da nota Tít. orig.: The lost world
606 ## - Nome comum usado como assunto
Número de registo de entrada de autoridade 0000945
Palavra de ordem Literatura estrangeira juvenil
Subdivisão de assunto Ficção científica
675 ## - Classificação Decimal Universal (CDU)
Notação 82-311.9
Edição
Língua da edição por
702 #1 - Nome de autor-pessoa física (responsabilidade secundária)
Número de registo de entrada de autoridade 0000947
Palavra de ordem Saló
Outra parte do nome não tomada para palavra de ordem Eduardo
Código de função Tradutor
700 #1 - Nome de autor-pessoa física (responsabilidade principal)
Número de registo de entrada de autoridade 0000946
Palavra de ordem Doyle
Outra parte do nome não tomada para palavra de ordem Arthur Conan
Datas 1859-1930
942 ## - Elementos de entrada adicionados (Koha)
Tipo de item no Koha Livro
Exemplares
Situação do levantamento Origin of item (home branch) (coded) Biblioteca de empréstimo Código de barras Cota Circulation type (not for loan) Tipo de documento Nota do exemplar Damaged status
  Biblioteca Escolar da Coca Maravilhas Biblioteca Escolar da Coca Maravilhas BECM4174/98 8EST DOY   Livro Sem mensagem